00820nam a2200241Ia 4500001000600000003000900006008004100015040001300056040001300069041001300082100002400095100002900119245002900148245003000177250001100207260000900218260000900227260004900236300005900285500016800344650003500512650003100547B3890IT-RoPAU130308s9999 xx 000 0 und d aIT-RoPAU cIT-RoPAU aSPAGNOLO aDiaz Bordenave Juan gCodice Aut. SPICS: 8972 aComunicacion y educacion bComunicacion Y Desarrollo a1a ed. aLIMA bIPAL c1987 [1° Ed.:1987 - Ed.Ling.Originale:1987] a"19 p. (prefazione: no ; testo: 19 [pagine: 147-165])" aComunicazione ed Educazione. Orientamento Pedagogico. Documento della Comunicazione. Necessità Educative e Comunicative. progetto Storico Pedagogicocomunicativo. aSAGGI DI COMUNICAZIONE SOCIALE eCodice materia Spics: 3807